| 000 -ლიდერი |
| ფიქსირებული სიგრძის საკონტროლო ველი |
00979nam a2200217Ia 4500 |
| 001 - საკონტროლო ნომერი |
| საკონტროლო ველი |
6474 |
| 003 - საკონტროლო ნომრის იდენტიფიკატორი |
| საკონტროლო ველი |
GE_BSU |
| 005 - ბოლო ოპერაციის თარიღი და დრო |
| საკონტროლო ველი |
20190530141124.0 |
| 008 - ფიქსირებული სიგრძის მონაცემთა ელემენტები - ზოგადი ინფორმაცია |
| ფიქსირებული სიგრძის საკონტროლო ველი |
181216s1979||||ge |||||||||||||| ||geo|| |
| 040 ## - კატალოგიზაციის წყარო |
| Transcribing agency |
GE_BSU |
| 041 ## - ენის კოდი |
| Language code of text/sound track or separate title |
geo |
| 080 ## - უნივერსალური ათობითი კლასიფიკაციის ინდექსი |
| Universal Decimal Classification number |
54+579+543(076) ლ-13 |
| 245 ## - ცნობა სათაურის შესახებ |
| Title |
ლაბორატორიული სამუშაოები სასმელი და ჩამდინარე წყლების ქიმიასა და მიკრობიოლოგიაში : ნაწ.I. / |
| Statement of responsibility, etc |
შემდგ : უ . ბრეგაძე ; რედ : მ.ძიძიგური. |
| 264 ## - წარმოების, გამოცემის, დისტრიბუციის და სხვა ცნობები |
| გამოცემის, წარმოების, დისტრიბუციის... ადგილი |
თბილისი : |
| გამოცემის, წარმოების, დისტრიბუციის... სახელწოდება |
სპი, |
| გამოცემის, წარმოების, დისტრიბუციის... თარიღი |
1979. |
| 300 ## - ფიზიკური აღწერა |
| Extent |
70 გვ .: |
| Dimensions |
20 სმ. |
| 653 ## - INDEX TERM--UNCONTROLLED |
| Uncontrolled term |
მიკრობიოლოგია |
| 653 ## - INDEX TERM--UNCONTROLLED |
| Uncontrolled term |
ქიმია |
| 700 ## - ADDED ENTRY--PERSONAL NAME |
| Personal name |
ბრეგაძე, უ |
| Relator term |
შმდგენელი |
| 9 (RLIN) |
1827 |
| 700 ## - ADDED ENTRY--PERSONAL NAME |
| Personal name |
ძიძიგური, მ |
| Relator term |
რედაქტორი |
| 9 (RLIN) |
472 |
| 942 ## - ADDED ENTRY ELEMENTS (KOHA) |
| Koha item type |
წიგნი |
| Source of classification or shelving scheme |
|